Fr. Conceicao Rodrigues College of Engineering

India 2020:A vision for the millennium (Record no. 24224)

MARC details
000 -LEADER
fixed length control field 00323nam a2200157Ia 4500
082 ## - DEWEY DECIMAL CLASSIFICATION NUMBER
Classification number 920
Item number KAL
100 ## - MAIN ENTRY--PERSONAL NAME
Personal name Kalam/Abdul APJ
245 ## - TITLE STATEMENT
Title India 2020:A vision for the millennium
260 ## - PUBLICATION, DISTRIBUTION, ETC.
Name of publisher, distributor, etc. Viking
Date of publication, distribution, etc. 1998
300 ## - PHYSICAL DESCRIPTION
Extent 312
546 ## - LANGUAGE NOTE
Language note ENGLISH
650 ## - SUBJECT ADDED ENTRY--TOPICAL TERM
Topical term or geographic name entry element General
654 ## - SUBJECT ADDED ENTRY--FACETED TOPICAL TERMS
Focus term 2020
942 ## - ADDED ENTRY ELEMENTS (KOHA)
Koha item type BOOK
Holdings
Withdrawn status Lost status Damaged status Not for loan Collection Home library Current library Shelving location Date acquired Total Checkouts Full call number Barcode Date last seen Price effective from Koha item type
        CRC Fr. Agnel's C.Rodrigues College of Engineering Fr. Agnel's C.Rodrigues College of Engineering   17/03/2023   920 KAL 12753 10/07/2024 17/03/2023 BOOK
        CRC Fr. Agnel's C.Rodrigues College of Engineering Fr. Agnel's C.Rodrigues College of Engineering   17/03/2023   920 KAL 12754 17/03/2023 17/03/2023 BOOK
        CRC Fr. Agnel's C.Rodrigues College of Engineering Fr. Agnel's C.Rodrigues College of Engineering   17/03/2023   920 KAL 12755 17/03/2023 17/03/2023 BOOK
        CRC Fr. Agnel's C.Rodrigues College of Engineering Fr. Agnel's C.Rodrigues College of Engineering   17/03/2023   920 KAL 12756 17/03/2023 17/03/2023 BOOK